El rol de la Universidad en la incorporación de un enfoque agroecológico para el desarrollo rural sustentable /

Guardado en:
Bibliografiske detaljer
Hovedforfatter: Sarandón, Santiago
Andre forfattere: Hang, Guillermo
Format: Texto
Fag:
Tags: Tilføj Tag
Ingen Tags, Vær først til at tagge denne postø!

MARC

LEADER 00000 a a2200000 04500
001 295
003
040
100 |a Sarandón, Santiago  
245 |a El rol de la Universidad en la incorporación de un enfoque agroecológico para el desarrollo rural sustentable /  |c Santiago Sarandón ; Guillermo Hang 
650 |a AGRICULTURA  
650 |a ECOLOGIA  
650 |a MEDIO AMBIENTE  
650 |a ENSEÑANZA SUPERIOR  
650 |a DESARROLLO ECONOMICO  
700 |a Hang, Guillermo  
773 |g número 8 -9; páginas 17-20  
999 |c 39887  |d 39887 
773 0 |0 42421  |9 3472  |d Santiago, Chile: CLADES  |o 00507  |t Agroecología y Desarrollo /